000
00305nam a2200121Ia 4500
008
241015s9999 xx 000 0 und d
041
_a
eng
082
_a
658.872 SIN
100
_a
Singh
245
_a
Social Media Marketing For Dummies
260
_b
Wiley India
_a
New Delhi
_c
2020
300
_a
430;. P. 23 cm
999
_c
41841
_d
41841